Pays avec le plus de chats domestiques - Statistiques

Statistiques générales
  • Ce quiz a été pris 46 fois
  • Le résultat moyen est 6 sur 7
Statistiques - réponses
Hint Réponse % Correct
16 M France
100%
65 M Chine
86%
74 M Etats-Unis
86%
15 M Japon
82%
59 M Russie
82%
17 M Allemagne
77%
30 M Brésil
70%
Aucun quiz correspondant
Distribution des résultats
% des personnes avec chaque résultat
Percentile par nombre de réponses
Votre historique - résultats
Vous n’avez pas pris ce quiz